00452 a2200145 450000500170000002000180001708200210003510000140005624500350007025000130010526000330011830000650015170000170021685600730023320250528074403.0 a0-13-147591-6 aLECT 657.028 ROM aROMNEY, M aAccounting Information Systems a10th Ed. aNew Jersey,bPearson,c2006. axxiii, 805p.: ill.; figure, table.bGlossary & Index.c28cm. aSTEINBART, P yAccess Online BookfAccounting Information Systemsdwww.prenhall.com